Online
Catalog

Autoayuda : (Record no. 17531)

MARC details
000 -CABECERA
campo de control de longitud fija 02336nam a2200289 a 4500
001 - NÚMERO DE CONTROL
campo de control 000018009
005 - FECHA Y HORA DE LA ÚLTIMA TRANSACCIÓN
campo de control 20260116073830.0
008 - DATOS DE LONGITUD FIJA--INFORMACIÓN GENERAL
campo de control de longitud fija 100409s2010 dr a 000 0 spa d
020 ## - NÚMERO INTERNACIONAL ESTÁNDAR DEL LIBRO
Número Internacional Estándar del Libro 9789945424515
040 ## - FUENTE DE LA CATALOGACIÓN
Centro catalogador/agencia de origen DO-SdBNP
Lengua de catalogación spa
Centro/agencia transcriptor BNPHU
082 ## - NÚMERO DE LA CLASIFICACIÓN DECIMAL DEWEY
Número de clasificación 158.1
Número de documento/Ítem M524a, 2010
100 1# - ENTRADA PRINCIPAL--NOMBRE DE PERSONA
Nombre de persona Mella Mejías, César
Fechas asociadas al nombre 1950-
9 (RLIN) 210
245 10 - MENCIÓN DE TÍTULO
Título Autoayuda :
Resto del título un instrumento sencillo escrito por un psiquiatra para contribuir a su felicidad /
Mención de responsabilidad, etc. César Mella Mejías ; prólogo Carlos de los Ángeles.
250 ## - MENCIÓN DE EDICIÓN
Mención de edición 2a ed.
260 ## - PUBLICACIÓN, DISTRIBUCIÓN, ETC.
Lugar de publicación, distribución, etc. Santo Domingo :
Nombre del editor, distribuidor, etc. ASODOLIBRO,
Fecha de publicación, distribución, etc. 2010.
300 ## - DESCRIPCIÓN FÍSICA
Extensión 191 p. :
Otras características físicas il. ;
Dimensiones 24 cm.
500 ## - NOTA GENERAL
Nota general Incluye datos biográficos del autor en las solapas
500 ## - NOTA GENERAL
Nota general Incluye notas al pie de las páginas
500 ## - NOTA GENERAL
Nota general Segunda edición especial para la XIII Feria Internacional del Libro, dedicada a México y al autor dominicano Freddy Gastón Arce abril 2010.
505 0# - NOTA DE CONTENIDO CON FORMATO
Nota de contenido con formato Presentación -- Prólogo -- Pasión por el perfeccionismo -- Los límites de la autenticidad -- El tiempo es implacable -- Las relaciones difíciles -- La gente conflictiva -- Amores escondidos -- Las decepciones -- ¿Cómo convencer a los otros? -- ¡Adiós a la pereza! -- El valor del miedo -- Yo soy un trastornado -- Las angustias de la existencia -- A cuidarse de las depresiones -- ¿Qué es el estrés pos-traumático? -- La ansiedad: del temor al desasosiego -- La televisión y los niños -- Conformismo y mediocridad -- Todo lo inicia nada lo termina -- No le hagas caso: eso es nervioso -- Cuidado: él no está loco -- El valor del silencio -- Fumar: ¿es un placer? -- ¿Qué es la marihuana? -- ¿Qué es la hipnosis? -- Ya pasé de 60 años -- Las cuatro R del desamor -- El miedo a equivocarse -- Hacer el amor: invertir en salud -- Estoy enamorada de mi jefe -- La risa es un remedio -- Disfrute la vida -- Cómo me puedo ayudar -- Amistad, amor y felicidad -- ¿Es posible el cambio? -- El valor de la biblioterapia -- ¿Qué es un hombre afortunado? -- Déjese aconsejar -- Los consejos de Cyndi -- Pues yo sí voy al psiquiatra -- Inteligencia espiritual.
590 ## - NOTA LOCAL (RLIN)
Nota local Inventariado, 2018/MFF
650 #0 - PUNTO DE ACCESO ADICIONAL DE MATERIA--TÉRMINO DE MATERIA
Término de materia o nombre geográfico como elemento de entrada Autorrealización (Psicología)
9 (RLIN) 211
650 #0 - PUNTO DE ACCESO ADICIONAL DE MATERIA--TÉRMINO DE MATERIA
Término de materia o nombre geográfico como elemento de entrada Autoestima
9 (RLIN) 212
650 #4 - PUNTO DE ACCESO ADICIONAL DE MATERIA--TÉRMINO DE MATERIA
Término de materia o nombre geográfico como elemento de entrada Desarrollo humano
9 (RLIN) 213
700 1# - PUNTO DE ACCESO ADICIONAL--NOMBRE DE PERSONA
Nombre de persona Ángeles, Carlos de los,
Término indicativo de función/relación pról.
9 (RLIN) 214
910 ## - DATOS DE OPCIÓN DEL USUARIO (OCLC)
Datos de opción del usuario Validado. Control de calidad MFF
Holdings
Estado de retiro Estado de pérdida Restricciones de uso No para préstamo Código de colección Localización permanente Ubicación/localización actual Ubicación en estantería Fecha de adquisición Número de inventario Total de préstamos Signatura topográfica completa Código de barras Fecha visto por última vez Número de copia Precio válido a partir de Tipo de ítem Koha
        Dominicana de Servicio General General Depósito 09.04.2010 LF1   158.1 M524a, 2010 18009-30 25.06.2020 e. 3 25.06.2020 Libro y Folleto Colección Dominicana de Servicio
        Dominicana de Servicio General General Depósito 24.05.2010 LF1   158.1 M524a, 2010 18009-40 25.06.2020 e. 4 25.06.2020 Libro y Folleto Colección Dominicana de Servicio
        Dominicana de Servicio General General Depósito 24.05.2010 LF1   158.1 M524a, 2010 18009-50 25.06.2020 e. 5 25.06.2020 Libro y Folleto Colección Dominicana de Servicio
        Patrimonio Dominicano General General Orden iniciada 13.04.2011 LF1   158.1 M524a, 2010 18009-70 25.06.2020   25.06.2020 Libro y Folleto Colección Patrimonio Dominicano
      Excluido de préstamo Patrimonio Dominicano Patrimonio Dominicano Patrimonio Dominicano Depósito 09.04.2010 LF1   158.1 M524a, 2010 18009-10 25.06.2020   25.06.2020 Libro y Folleto Colección Patrimonio Dominicano
      Excluido de préstamo Patrimonio Dominicano Patrimonio Dominicano Patrimonio Dominicano Depósito 09.04.2010 LF1   158.1 M524a, 2010 18009-20 25.06.2020 e. 2 25.06.2020 Libro y Folleto Colección Patrimonio Dominicano

Powered by Koha